000 00327 a2200109 4500
001 ART_6243
005 20260410161619.0
008 260409a
245 1 0 _aEl profesional en ciencias económicas y la ética (1ª parte)
100 1 _aMelzi, Flavia Irene
773 0 _tEnfoques
_g- Nº 8 (ago. 2008)
_wREV416
999 _c11355
_d11355